New Zealand : a panoramic journey;

Bibliographic Details
Other Authors: Eyres, Lay
Format: Book
Published: Auckland: The Backroads Press, 2004.
Subjects:
LEADER 00605cam a2200193 7i4500
001 0000013940
005 20151104090000.0
005 ##20151104114400.0
003 ##MY-KlINT
020 # # |a 9780476000476  
039 # 9 |y 201511041144  |z VLOAD 
090 0 0 |a 993.1   |b NEW 
245 0 0 |a New Zealand :   |b a panoramic journey;   |f photography by Gareth Eyres, text by Graeme Eyres. 
260 # # |a Auckland:   |b The Backroads Press,   |c 2004. 
300 # # |b ill.col;   |c 24cm. 
650 # 0 |a New Zealand --   |x Description and travel  
700 0 # |a Eyres,   |h Gareth  
700 0 # |a Lay,   |h Graeme  
999 |a 0000059890  |b BOOK  |c Main Non-Fiction  |e INTAN BK